ACA 98 (Record no. 104295)

MARC details
000 -LEADER
fixed length control field 00937cam a2200217 4500
001 - CONTROL NUMBER
control field L129383
008 - FIXED-LENGTH DATA ELEMENTS--GENERAL INFORMATION
fixed length control field 050527n2004 000 0 eng u
020 ## - INTERNATIONAL STANDARD BOOK NUMBER
International Standard Book Number 1901171280
035 ## - SYSTEM CONTROL NUMBER
System control number (Sirsi) u129838
041 ## - LANGUAGE CODE
Language code of text/sound track or separate title eng
050 ## - LIBRARY OF CONGRESS CALL NUMBER
Classification number 692.8
-- 18
110 ## - MAIN ENTRY--CORPORATE NAME
Corporate name or jurisdiction name as entry element Association of Consultant Architects
9 (RLIN) 1156
245 ## - TITLE STATEMENT
Title ACA 98
Remainder of title The Appointment of a Consultant Architect
Statement of responsibility, etc. for Small Works, Works of Simple Content and Specialist Services (2004 Revision)
260 ## - PUBLICATION, DISTRIBUTION, ETC.
Place of publication, distribution, etc. Association of Consultant Architects
Date of publication, distribution, etc. 2004
300 ## - PHYSICAL DESCRIPTION
Extent ii, 8p.
Dimensions 30cm.
350 ## - PRICE (NR) (BK AM CF MU VM SE) [OBSOLETE]
Price 5.00
490 ## - SERIES STATEMENT
Series statement ACA Appointment of a Consultant Architect for Small Works, Works of Simple Content and Specialist Services 2004 Edition
650 ## - SUBJECT ADDED ENTRY--TOPICAL TERM
Topical term or geographic name entry element ACA APPOINTMENT OF A CONSULTANT ARCHITECT FOR SMALL WORKS, WORKS OF SIMPLE CONTENT AND SPECIALIST SERVICES 2004 EDITION
690 ## - LOCAL SUBJECT ADDED ENTRY--TOPICAL TERM (OCLC, RLIN)
Topical term or geographic name as entry element BUILT ENVIRONMENT-BUILDING CONTRACT FORMS-STANDARD FORMS OF BUILDING CONTRACT
942 ## - ADDED ENTRY ELEMENTS (KOHA)
Suppress in OPAC 0
Holdings
Withdrawn status Lost status Source of classification or shelving scheme Damaged status Not for loan Home library Current library Shelving location Date acquired Cost, normal purchase price Total Checkouts Full call number Barcode Date last seen Copy number Cost, replacement price Price effective from Koha item type
    Dewey Decimal Classification     London London Boxed set 23/06/2005 7.75   ACA 2004/1 30069938 06/08/2019 1 7.75 06/08/2019 Book